[Event "QA-ANNIV-04"]
[Site "http://www.queenalice.com/game.php?id=644169"]
[Date "2009.8.29"]
[Round "6"]
[White "sioux"]
[Black "Vader1d4"]
[Result "0-1"]
[WhiteElo "1701"]
[BlackElo "2058"]

1. d4 Nf6 2. e3 d5 3. Nf3 Bg4 4. Be2 e6 5. O-O Bd6 6. Nc3 c6 7. h3 Bh5 8. b3 Qa5
9. Bd2 Bb4 10. Qe1 Nbd7 11. Nb1 Bxd2 12. Qxd2 Qxd2 13. Nbxd2 Ne4 14. Rfd1 Nc3
15. Re1 Nxe2+ 16. Rxe2 Nf6 17. Ree1 O-O 18. a4 Rfc8 19. c3 c5 20. g4 Bg6 21. Ne5
Kf8 22. g5 Ng8 23. f4 cxd4 24. cxd4 Rc2 25. Nxg6+ hxg6 26. Nf3 Rac8 27. h4 Ne7
28. Ne5 Nf5 29. Nd7+ Ke7 30. Nc5 b6 31. Nd3 Nxh4 32. Ne5 f6 33. gxf6+ gxf6 34.
Ng4 Nf3+ 35. Kf1 Nxe1 36. Kxe1 Rg2 37. Nh6 Rg1+ 0-1

[Event "QA-ANNIV-04"]
[Site "http://www.queenalice.com/game.php?id=695035"]
[Date "2009.12.9"]
[Round "7"]
[White "Vader1d4"]
[Black "Vonkinho"]
[Result "1-0"]
[WhiteElo "2080"]
[BlackElo "2186"]

1. c4 Nf6 2. g3 g6 3. Bg2 Bg7 4. Nc3 c5 5. Nf3 Nc6 6. O-O d6 7. d4 cxd4 8. Nxd4
Bd7 9. e4 Rc8 10. Nxc6 Bxc6 11. Nd5 e6 12. Nxf6+ Bxf6 13. Rb1 O-O 14. b3 Qa5 15.
Qxd6 Qxa2 16. Bh6 Rfd8 17. Qf4 Bg7 18. Bxg7 Kxg7 19. Qe3 a6 20. Qc3+ Kg8 21. Rb2
1-0

[Event "AUTO-ADV-1251"]
[Site "http://www.queenalice.com/game.php?id=708590"]
[Date "2010.1.5"]
[Round "2"]
[White "leokhine"]
[Black "Vader1d4"]
[Result "0-1"]
[WhiteElo "1850"]
[BlackElo "2110"]

1. d4 Nf6 2. c4 c5 3. e3 cxd4 4. exd4 d5 5. Nf3 Bg4 6. h3 Bh5 7. Be2 dxc4 8.
Qa4+ Nc6 9. Qxc4 Rc8 10. Be3 e6 11. Qb5 Qa5+ 12. Qxa5 Nxa5 13. Nc3 Bb4 14. Bd2
Nc4 15. g4 Bg6 16. Bc1 Nxb2 17. Bxb2 Bxc3+ 18. Bxc3 Rxc3 19. O-O O-O 20. Rac1
Rfc8 21. Rxc3 Rxc3 22. Kh2 Nd5 23. Ne5 Nf4 24. Bf3 b6 25. Nxg6 hxg6 26. Bg2 Nxg2
27. Kxg2 Rd3 28. Rc1 Rxd4 29. Rc8+ Kh7 30. Rc7 Ra4 31. Rxf7 Rxa2 32. Re7 b5 33.
Rxe6 b4 34. Re3 a5 35. h4 a4 36. Kf1 b3 37. Ke1 b2 0-1

[Event "AUTO-ADV-1251"]
[Site "http://www.queenalice.com/game.php?id=708591"]
[Date "2010.1.5"]
[Round "2"]
[White "Vader1d4"]
[Black "leokhine"]
[Result "1-0"]
[WhiteElo "2106"]
[BlackElo "1856"]

1. d4 e6 2. Nf3 d5 3. e3 c5 4. c4 Nc6 5. cxd5 exd5 6. dxc5 Bxc5 7. Nc3 Nf6 8.
Bb5 O-O 9. O-O a6 10. Ba4 Bb4 11. Ne2 b5 12. Bb3 Be6 13. Ned4 Nxd4 14. Nxd4 Qd6
15. Nxe6 fxe6 16. Bd2 a5 17. a3 Bc5 18. Rc1 Bb6 19. Qe2 Bc7 20. g3 Ne4 21. Bc3
Rf7 22. Qxb5 Rb8 23. Qa4 Rbf8 24. f4 Nxc3 25. Rxc3 e5 26. Rd1 Kh8 27. Rxd5 Qf6
28. Rdc5 Bb6 29. Rc6 Qd8 30. Bxf7 exf4 31. gxf4 Bxe3+ 32. Rxe3 Rxf7 33. Rc8 1-0

[Event "Chess Bloodmatch"]
[Site "http://www.queenalice.com/game.php?id=712199"]
[Date "2010.1.11"]
[Round "4"]
[White "TecmoTim"]
[Black "Vader1d4"]
[Result "0-1"]
[WhiteElo "2091"]
[BlackElo "2092"]

1. d4 Nf6 2. Bg5 c5 3. Bxf6 gxf6 4. d5 Qb6 5. Qc1 f5 6. c4 Bh6 7. e3 e5 8. Nc3
d6 9. Nge2 Nd7 10. Ng3 Nf6 11. Be2 Rg8 12. f4 e4 13. Qc2 a6 14. a3 Bd7 15. Rb1
Qd8 16. b4 Ng4 17. Kd2 Nxe3 18. Kxe3 Bxf4+ 19. Kf2 Qh4 20. Rbg1 Rxg3 21. hxg3
Bxg3+ 22. Kf1 Qf4+ 23. Bf3 exf3 24. Nd1 O-O-O 25. Rxh7 Ba4 26. Qc3 Bxd1 0-1

[Event "QA-ANNIV-04"]
[Site "http://www.queenalice.com/game.php?id=762127"]
[Date "2010.4.16"]
[Round "8"]
[White "Bobtzu"]
[Black "Vader1d4"]
[Result "0-1"]
[WhiteElo "2053"]
[BlackElo "2114"]

1. e4 e6 2. d4 d5 3. Nd2 Nf6 4. e5 Nfd7 5. f4 c5 6. c3 Nc6 7. Ne2 Qb6 8. Nf3
cxd4 9. Nfxd4 Nxd4 10. Nxd4 Bc5 11. a3 O-O 12. g3 f6 13. Bh3 Bxd4 14. Qxd4 fxe5
15. fxe5 Nxe5 16. Qxb6 axb6 17. Ke2 Bd7 18. b3 Bb5+ 19. c4 dxc4 20. Bxe6+ Kh8
21. a4 cxb3+ 0-1

[Event "Challenge"]
[Site "http://www.queenalice.com/game.php?id=782432"]
[Date "2010.5.29"]
[Round "-"]
[White "Vader1d4"]
[Black "Martin_Stahl"]
[Result "1-0"]
[WhiteElo "2132"]
[BlackElo "1894"]

1. c4 c5 2. g3 g6 3. Bg2 Bg7 4. Nc3 Nf6 5. Nf3 O-O 6. O-O d5 7. cxd5 Nxd5 8. Qb3
Nxc3 9. bxc3 Nc6 10. Ba3 Na5 11. Qc2 Qc7 12. d3 Bd7 13. Rab1 Rae8 14. Nd2 b5 15.
Rfc1 c4 16. d4 a6 17. e4 Nc6 18. Bc5 Ne5 19. Ba3 Nd3 20. Rf1 Bc8 21. Nf3 Bb7 22.
Ne1 Nxe1 23. Rfxe1 Rd8 24. Bc1 e6 25. Bf4 e5 26. Bg5 f6 27. Be3 Bc8 28. d5 Rfe8
29. a4 Bd7 30. a5 Rc8 31. Bb6 Qd6 32. Qd2 f5 33. f3 Bf8 34. Qe3 f4 35. gxf4 exf4
36. Qd2 g5 37. Re2 Bg7 38. Bd4 Bxd4+ 39. Qxd4 Re5 40. Ra2 Rc5 41. Rf2 h5 42. h3
Be8 43. Rd1 Bg6 44. Rdd2 h4 45. Kh2 Kf7 46. Bh1 Kg7 47. Rg2 Kh6 48. Rg1 Bh5 49.
Rdg2 Bxf3 50. Rxg5 1-0

[Event "QA-ANNIV-04"]
[Site "http://www.queenalice.com/game.php?id=808033"]
[Date "2010.7.24"]
[Round "9"]
[White "Vader1d4"]
[Black "Papageno"]
[Result "1-0"]
[WhiteElo "2124"]
[BlackElo "1990"]

1. c4 e5 2. g3 f5 3. d4 e4 4. Nc3 Nf6 5. Bg2 Bb4 6. Nh3 Nc6 7. O-O O-O 8. Bg5
Bxc3 9. bxc3 Qe8 10. Bxf6 Rxf6 11. Nf4 Ne7 12. f3 exf3 13. Bxf3 c6 14. Qd2 Ng6
15. e3 b6 16. Nd5 Qe6 17. Nxf6+ Qxf6 18. e4 f4 19. Be2 d6 20. gxf4 Nh4 21. f5 g6
22. Qh6 1-0

[Event "Challenge"]
[Site "http://www.queenalice.com/game.php?id=1135970"]
[Date "2012.12.31"]
[Round "-"]
[White "Bobtzu"]
[Black "Vader1d4"]
[Result "1-0"]
[WhiteElo "2054"]
[BlackElo "2137"]

1. e4 e6 2. d4 d5 3. Nd2 Nf6 4. e5 Nfd7 5. f4 c5 6. c3 Nc6 7. Ngf3 cxd4 8. Nxd4
Nxd4 9. cxd4 Be7 10. Nf3 O-O 11. Bd3 Qb6 12. O-O f6 13. Qc2 f5 14. a3 Nb8 15. b4
Bd7 16. Bd2 Bb5 17. Rfc1 Bxd3 18. Qxd3 Nc6 19. Rc3 Rfe8 20. Rac1 Bf8 21. Be3 a6
22. Qc2 Rac8 23. h3 Ne7 24. Kh2 Rxc3 25. Qxc3 Rc8 26. Qb2 Rxc1 27. Qxc1 Qc6 28.
Ng5 1-0

[Event "Challenge"]
[Site "http://www.queenalice.com/game.php?id=1241495"]
[Date "2013.12.20"]
[Round "-"]
[White "Bobtzu"]
[Black "Vader1d4"]
[Result "0-1"]
[WhiteElo "2108"]
[BlackElo "2123"]

1. d4 Nf6 2. Nf3 g6 3. c4 c5 4. Nc3 cxd4 5. Nxd4 Bg7 6. g3 O-O 7. Bg2 Nc6 8. O-O
Qb6 9. e3 d6 10. Nce2 Bg4 11. Nf3 Nd7 12. h3 Be6 13. Qb3 Qxb3 14. axb3 Nc5 15.
Ned4 Nxd4 16. exd4 Nxb3 17. Ra3 Bxc4 18. Be3 a5 19. Rxb3 Bxb3 20. Nd2 Be6 21. d5
Bd7 22. b3 b5 23. Ra1 Bxa1 0-1

[Event "AUTO-OPEN-3178"]
[Site "http://www.queenalice.com/game.php?id=1252794"]
[Date "2014.1.31"]
[Round "1"]
[White "Spartaccus"]
[Black "Vader1d4"]
[Result "1-0"]
[WhiteElo "2329"]
[BlackElo "2138"]

1. e4 e6 2. d4 d5 3. Nc3 Nf6 4. Bg5 Bb4 5. e5 h6 6. Bh4 g5 7. exf6 gxh4 8. Qf3
Nd7 9. O-O-O Qxf6 10. Qe3 Qg7 11. Nf3 Nf6 12. h3 Bd7 13. Kb1 O-O-O 14. Ne5 Rhg8
15. f3 Nh5 16. Bb5 Bxb5 17. Nxb5 Kb8 18. Qb3 1-0

[Event "AUTO-OPEN-3178"]
[Site "http://www.queenalice.com/game.php?id=1252795"]
[Date "2014.1.31"]
[Round "1"]
[White "Vader1d4"]
[Black "Spartaccus"]
[Result "1/2-1/2"]
[WhiteElo "2138"]
[BlackElo "2256"]

1. d4 Nf6 2. Nf3 g6 3. Nbd2 Bg7 4. e4 d6 5. Be2 O-O 6. O-O Nc6 7. c3 e6 8. Re1
Qe7 9. e5 dxe5 10. Nxe5 Nxe5 11. dxe5 Nd5 12. Nf3 h6 13. c4 Nb4 14. Be3 b6 15.
Qd2 Bb7 16. a3 Nc6 17. Bxh6 Rad8 18. Qe3 a6 19. Rad1 Rxd1 20. Rxd1 Rd8 21. Bxg7
Kxg7 22. Rd3 Rxd3 23. Qxd3 Nb8 24. Qd4 c5 25. Qd1 1/2-1/2

[Event "AUTO-OPEN-3178"]
[Site "http://www.queenalice.com/game.php?id=1252818"]
[Date "2014.1.31"]
[Round "1"]
[White "Viterasmo"]
[Black "Vader1d4"]
[Result "0-1"]
[WhiteElo "1892"]
[BlackElo "2132"]

1. e4 d6 2. b3 Nf6 3. d3 Nc6 4. Bb2 e5 5. Ne2 Be6 6. h3 Qd7 7. Qd2 Be7 8. f4
exf4 9. Nxf4 O-O-O 10. Be2 h6 11. Nxe6 fxe6 12. Rf1 Rhf8 13. Nc3 Nd4 14. O-O-O
Nxe2+ 15. Nxe2 e5 16. Nc3 Nh5 17. Nd5 Bg5 18. Ne3 Qe6 19. Kb1 Rf6 20. Qe2 Rxf1
21. Nxf1 Nf4 22. Qf2 Rf8 23. Qxa7 Kd7 24. Ne3 b6 25. Nf5 g6 26. Ne3 Rf7 27. Bc1
Qe8 28. Rf1 Ne6 29. Qa4+ Kd8 0-1

[Event "AUTO-OPEN-3178"]
[Site "http://www.queenalice.com/game.php?id=1252819"]
[Date "2014.1.31"]
[Round "1"]
[White "Vader1d4"]
[Black "Viterasmo"]
[Result "1-0"]
[WhiteElo "2136"]
[BlackElo "1797"]

1. c4 e5 2. g3 c5 3. Bg2 Qc7 4. Nc3 Nc6 5. Nd5 Qd6 6. d3 Nf6 7. Nxf6+ Qxf6 8.
Nf3 d6 9. O-O h6 10. Be3 Rb8 11. Nd2 Bd7 12. Ne4 Qg6 13. a3 f5 14. Nc3 Qf7 15.
Nd5 g5 16. f4 exf4 17. gxf4 Ne7 18. Nc3 Bg7 19. Qe1 Bxc3 20. Qxc3 Rg8 21. b4 b6
22. Kh1 g4 23. Bf2 1-0

[Event "AUTO-OPEN-3178"]
[Site "http://www.queenalice.com/game.php?id=1252834"]
[Date "2014.1.31"]
[Round "1"]
[White "Vader1d4"]
[Black "kykobr"]
[Result "1-0"]
[WhiteElo "2135"]
[BlackElo "1648"]

1. d4 d5 2. Nf3 Nc6 3. e3 Bg4 4. c4 Nf6 5. Nc3 e6 6. Qb3 b6 7. cxd5 Nxd5 8. Bb5
Qd6 9. Ne5 Bh5 10. Bxc6+ Ke7 11. Bxa8 f6 12. Nc6+ Kf7 13. Nxd5 exd5 14. Nxa7 Be7
15. Bxd5+ Ke8 16. Qb5+ Kf8 17. Bd2 Bf7 18. Bxf7 Kxf7 19. O-O Ra8 20. Nc6 Bf8 21.
Bb4 Qe6 22. Bxf8 Kxf8 23. d5 Qd6 24. Nd4 Ra5 25. Qc6 Qe5 26. Ne6+ Kf7 27. Qd7+
1-0

[Event "AUTO-OPEN-3178"]
[Site "http://www.queenalice.com/game.php?id=1252835"]
[Date "2014.1.31"]
[Round "1"]
[White "kykobr"]
[Black "Vader1d4"]
[Result "0-1"]
[WhiteElo "1612"]
[BlackElo "2137"]

1. e4 d6 2. d4 Nf6 3. Nc3 g6 4. Bg5 Bg7 5. Qd2 h6 6. Bh4 g5 7. Bg3 Nh5 8. O-O-O
Nc6 9. Bb5 Bd7 10. Nge2 Nxg3 11. hxg3 e5 12. f4 a6 13. fxe5 dxe5 14. Bxc6 Bxc6
15. d5 Bd7 16. Rdf1 Qe7 17. Kb1 Rf8 18. Qe3 Qd6 19. Rf2 Qb4 20. a3 Qd6 21. Rhf1
Qg6 22. Qc5 Qd6 23. Qe3 Ke7 24. Qf3 Qg6 25. g4 a5 26. Ng3 Ra6 27. Nf5+ Bxf5 28.
gxf5 Qd6 29. Nb5 Qc5 30. a4 f6 31. Rd2 Rd8 32. Rd3 Rd7 33. Rfd1 Kd8 34. Qh5 Qb4
35. Nc3 Rb6 36. Nb5 Bf8 37. b3 Qxe4 38. Qg6 Qb4 39. Qg8 Qe7 40. d6 cxd6 41. Qd5
Qf7 42. Qe4 Rc6 43. Na7 Rc5 44. Nb5 d5 45. Qe1 b6 46. Qg3 Qh5 47. Qf2 Qg4 48. c4
Rxb5 49. cxb5 Bc5 50. Qd2 Qxf5 51. Ka2 d4 52. Rf3 Qg6 53. Rdf1 Rd6 54. Rf5 h5
55. Qd3 Ke7 56. Rxe5+ fxe5 57. Rf5 Ke6 58. Rxe5+ Kxe5 59. Qe2+ Qe4 60. Qf2 Rf6
61. Qg3+ Qf4 0-1

[Event "AUTO-MASTER-2132"]
[Site "http://www.queenalice.com/game.php?id=1299221"]
[Date "2014.8.4"]
[Round "1"]
[White "KLEOJ"]
[Black "Vader1d4"]
[Result "1-0"]
[WhiteElo "2261"]
[BlackElo "2164"]

1. Nc3 Nf6 2. d4 g6 3. e4 d6 4. Nf3 Bg7 5. Bc4 O-O 6. O-O Nxe4 7. Bxf7+ Rxf7 8.
Nxe4 Nc6 9. c3 Bg4 10. Neg5 Rf8 11. Qb3+ d5 12. Qxb7 Qd6 13. Qb3 Rab8 14. Qd1 e5
15. h3 Bxf3 16. Nxf3 e4 17. Nh2 Ne7 18. Qe2 Rbe8 19. Ng4 Nc6 20. Ne3 Re7 21. a4
Ref7 22. b3 Na5 23. Ba3 Qc6 24. Bxf8 Rxf8 25. Qb5 Qxb5 26. axb5 Nxb3 27. Rxa7
1-0

[Event "AUTO-MASTER-2132"]
[Site "http://www.queenalice.com/game.php?id=1299222"]
[Date "2014.8.4"]
[Round "1"]
[White "Vader1d4"]
[Black "KLEOJ"]
[Result "0-1"]
[WhiteElo "2155"]
[BlackElo "2257"]

1. d4 Nc6 2. Nf3 d5 3. e3 Bg4 4. c4 Nf6 5. Be2 e6 6. Qb3 Bb4+ 7. Bd2 Bxd2+ 8.
Nbxd2 Rb8 9. O-O O-O 10. Rfe1 dxc4 11. Nxc4 Ne4 12. Nce5 Nxe5 13. Nxe5 Bxe2 14.
Rxe2 Qd6 15. Rc1 c5 16. Nc4 Qa6 17. f3 Nf6 18. Rd2 cxd4 19. Rxd4 Rbc8 20. Rcd1
Nd5 21. e4 Nf4 22. R1d2 e5 23. Nxe5 Ne2+ 24. Kf2 Nxd4 25. Rxd4 Qf6 26. Rd5 Qf4
27. g3 Qc1 28. f4 Rc2+ 29. Kf3 Qf1+ 30. Kg4 Qe2+ 31. Nf3 Rxb2 32. Qc3 Rxa2 0-1

[Event "AUTO-MASTER-2132"]
[Site "http://www.queenalice.com/game.php?id=1299239"]
[Date "2014.8.4"]
[Round "1"]
[White "Vader1d4"]
[Black "Alexandrovinsk"]
[Result "1-0"]
[WhiteElo "2146"]
[BlackElo "2007"]

1. d4 Nf6 2. Nf3 d6 3. e3 g6 4. c4 Bg7 5. Nc3 O-O 6. Be2 Nbd7 7. O-O c6 8. Re1
e5 9. b3 h5 10. Ba3 exd4 11. exd4 c5 12. Bb2 cxd4 13. Nxd4 Nc5 14. Bf3 Rb8 15.
Ndb5 Ne8 16. b4 Ne6 17. Nxa7 Bd7 18. Qd2 Qh4 19. Ne4 Bxb2 20. Qxb2 f5 21. Nd2
Nf6 22. Nb5 Ne8 23. Bd5 Kh7 24. Bxe6 Bxe6 25. Rxe6 f4 26. Nf3 Qg4 27. Re7+ Kh6
28. Nxd6 Nf6 29. Nf7+ Rxf7 30. Rxf7 1-0

[Event "AUTO-MASTER-2132"]
[Site "http://www.queenalice.com/game.php?id=1299240"]
[Date "2014.8.4"]
[Round "1"]
[White "Alexandrovinsk"]
[Black "Vader1d4"]
[Result "0-1"]
[WhiteElo "2061"]
[BlackElo "2142"]

1. e4 d6 2. d4 Nf6 3. Bd3 g6 4. Ne2 Bg7 5. O-O O-O 6. f4 c5 7. dxc5 dxc5 8. Nbc3
Nc6 9. Kh1 Bg4 10. Qe1 Bxe2 11. Qxe2 Nd4 12. Qf2 Rc8 13. Be3 Ng4 14. Qg3 Nxe3
15. Qxe3 c4 16. Be2 Nxc2 17. Qxa7 Nxa1 18. Rxa1 Bxc3 19. bxc3 Qd2 20. Bxc4 Rxc4
0-1

[Event "AUTO-MASTER-2132"]
[Site "http://www.queenalice.com/game.php?id=1299241"]
[Date "2014.8.4"]
[Round "1"]
[White "Vader1d4"]
[Black "CCapivara"]
[Result "1-0"]
[WhiteElo "2152"]
[BlackElo "2175"]

1. c4 e5 2. g3 d6 3. Bg2 f5 4. Nf3 Nf6 5. O-O Be7 6. Nc3 O-O 7. d4 e4 8. Nd2 c6
9. Re1 Be6 10. b3 d5 11. cxd5 cxd5 12. Nf1 Nc6 13. f3 Rc8 14. e3 Bb4 15. Bd2
Nxd4 16. Nxe4 fxe4 17. Bxb4 exf3 18. exd4 fxg2 19. Rxe6 gxf1=R+ 20. Qxf1 Rf7 21.
Qe2 Ne4 22. Rf1 Rxf1+ 23. Qxf1 Qd7 24. Re7 Qg4 25. Qf7+ Kh8 26. Re8+ 1-0

[Event "AUTO-MASTER-2132"]
[Site "http://www.queenalice.com/game.php?id=1299242"]
[Date "2014.8.4"]
[Round "1"]
[White "CCapivara"]
[Black "Vader1d4"]
[Result "1/2-1/2"]
[WhiteElo "2138"]
[BlackElo "2165"]

1. e4 d6 2. d4 Nf6 3. f3 g6 4. Be3 Bg7 5. Nc3 c6 6. Qd2 b5 7. O-O-O b4 8. Nce2
a5 9. g4 Ba6 10. h4 Nbd7 11. h5 Qb8 12. Bh6 Bxh6 13. Qxh6 Nb6 14. hxg6 fxg6 15.
Nf4 Bxf1 16. Rxf1 Kd7 17. Nge2 Qf8 18. Qh3 g5 19. Nd3 Kc7 20. e5 Nfd5 21. f4
gxf4 22. Nexf4 Nxf4 23. Nxf4 Qc8 24. exd6+ exd6 25. d5 cxd5 26. Qd3 Qg8 27. Re1
Qxg4 28. Nxd5+ Nxd5 29. Qxd5 Qd7 30. Ref1 Qc6 31. Rf7+ Kb6 32. Qxc6+ Kxc6 33.
Rhxh7 Rxh7 1/2-1/2